| 000 | 00356nam a22001337a 4500 | ||
|---|---|---|---|
| 020 | _qHB. | ||
| 040 | _cFIZZA ISHAQ | ||
| 082 |
_a686.225 _bTOL |
||
| 100 |
_aBEKTAS,TOLGA. _991680 |
||
| 245 |
_aFREIGHT TRANSPORT AND DISTRIBUTION CONCEPTS AND OPTIMISATION MODELS / _cTOLGA BEKTAS. |
||
| 260 |
_aCRC PRESS ; _c2017. |
||
| 300 | _a267 P. ; | ||
| 942 |
_2ddc _cBK |
||
| 999 |
_c589830 _d589830 |
||